| 000 | 00751cam a2200241 a 4500 | ||
|---|---|---|---|
| 001 | 15200073 | ||
| 005 | 20180215031831.0 | ||
| 008 | 080229s2009 njua b 001 0 eng | ||
| 010 | _a 2008009342 | ||
| 020 | _a9780205578634 | ||
| 020 | _a0205578632 | ||
| 040 |
_aDLC _cDLC _dDLC |
||
| 041 | _aeng | ||
| 080 | _a302 | ||
| 082 | 0 | 0 |
_a302 JOH _222 |
| 100 | 1 | _a46 | |
| 101 | _aEDU | ||
| 245 | 1 | 0 |
_aJoining together : _cDavid W. Johnson, Frank P. Johnson. |
| 504 | _aIncludes bibliographical references and index. | ||
| 906 |
_a7 _bcbc _corignew _d1 _eecip _f20 _gy-gencatlg |
||
| 942 |
_2ddc _cBK |
||
| 999 |
_c42550 _d42550 |
||